[Event "ISR-chT U14"]
[Site "Afula"]
[Date "2022.08.24"]
[Round "9"]
[White "Katz, Adi"]
[Black "Fishov, Matan"]
[Result "1/2-1/2"]
[WhiteElo "1207"]
[BlackElo "1224"]
[PlyCount "109"]
[EventDate "2022.08.21"]
[EventType "team-tourn"]
[EventRounds "9"]
[EventCountry "ISR"]
[SourceTitle "CBM 210 Extra"]
[Source "ChessBase"]
[SourceDate "2022.11.30"]
[SourceVersion "1"]
[SourceVersionDate "2022.11.30"]
[SourceQuality "1"]

1. d4 d5 2. Nf3 Nf6 3. e3 e6 4. Bd3 Bd6 5. 0-0 0-0 6. b3 Nbd7 7. Bb2 c6 8. Ne5 Qc7 9. f4 b6 10. Nd2 Bxe5 11. fxe5 Ne8 12. Qg4 f5 13. Qh5 g6 14. Qg5 Rf7 15. h4 Bb7 16. Nf3 Ng7 17. Qf4 Nh5 18. Qg5 Nf8 19. g4 Ng3 20. Rf2 Ne4 21. Bxe4 fxe4 22. Nd2 Rxf2 23. Kxf2 Qf7+ 24. Kg2 Ba6 25. c4 Qg7 26. Rf1 Nd7 27. h5 gxh5 28. Qxg7+ Kxg7 29. gxh5 Kh6 30. Rf7 Rg8+ 31. Kh3 Rg7 32. Rxg7 Kxg7 33. Kg4 h6 34. Ba3 b5 35. c5 b4 36. Bxb4 Be2+ 37. Kh4 Nf8 38. Ba5 Nh7 39. Bd8 Kf7 40. Nb1 Ke8 41. Bf6 Nxf6 42. exf6 Kf7 43. Nc3 Bf3 44. b4 a6 45. a4 Kxf6 46. b5 cxb5 47. axb5 axb5 48. Nxb5 Be2 49. Nd6 Ke7 50. Nc8+ Kd7 51. Nb6+ Kc7 52. Na4 Kc6 53. Nc3 Bf3 54. Na4 Kc7 55. Nc3 1/2-1/2

[Event "ISR-chT U14"]
[Site "Afula"]
[Date "2022.08.21"]
[Round "2"]
[White "Fishov, Matan"]
[Black "Faran, Yair"]
[Result "1/2-1/2"]
[WhiteElo "1224"]
[BlackElo "1246"]
[PlyCount "142"]
[EventDate "2022.08.21"]
[EventType "team-tourn"]
[EventRounds "9"]
[EventCountry "ISR"]
[SourceTitle "CBM 210 Extra"]
[Source "ChessBase"]
[SourceDate "2022.11.30"]
[SourceVersion "1"]
[SourceVersionDate "2022.11.30"]
[SourceQuality "1"]

1. e4 c5 2. Nf3 a6 3. Nc3 g6 4. d4 Bg7 5. h3 cxd4 6. Nxd4 Qc7 7. Be3 e6 8. Qd2 Nc6 9. 0-0-0 Nge7 10. f3 Qd6 11. h4 Be5 12. g4 Nxd4 13. Bxd4 Nc6 14. Bxe5 Qxd2+ 15. Rxd2 Nxe5 16. Be2 b5 17. f4 Nc6 18. e5 Ra7 19. Ne4 Rc7 20. Nd6+ Ke7 21. g5 Nb4 22. Kb1 Bb7 23. Rf1 h5 24. a3 Nd5 25. Nxb7 Rxb7 26. Bf3 Ne3 27. Bxb7 Nxf1 28. Rf2 Ne3 29. Bxa6 Rb8 30. Kc1 Rb6 31. Bxb5 Rxb5 32. b3 Ra5 33. a4 Rc5 34. Re2 Nd5 35. Re4 Nc3 36. Re3 Nd5 37. Re4 d6 38. Kb2 Nc3 39. Rb4 Nd1+ 40. Kb1 dxe5 41. Rb7+ Ke8 42. b4 Rd5 43. a5 exf4 44. a6 Nc3+ 45. Ka1 Rd8 46. b5 f3 47. a7 Nxb5 48. Rxb5 f2 49. Rb1 Ra8 50. Rb8+ Kd7 51. Rxa8 f1Q+ 52. Kb2 Qf2 53. Rd8+ Kxd8 54. a8Q+ Kc7 55. Qa5+ Qb6+ 56. Qxb6+ Kxb6 57. Kc3 Kc5 58. Kd3 Kd5 59. c3 e5 60. c4+ Kd6 61. Ke4 Ke6 62. c5 f5+ 63. gxf6 Kxf6 64. c6 Ke6 65. c7 Kd7 66. Kxe5 Kxc7 67. Kf6 Kd6 68. Kxg6 Ke6 69. Kxh5 Kf7 70. Kh6 Kg8 71. Kg6 Kh8 1/2-1/2